Homerisms Quiz Stats

 Plays Quiz Updated Jan 7, 2019

Support Sporcle.
Go Orange.
Score 0/30 Timer 08:00
4 Plays Today
quote missing word % Correct
____. Now there’s a temporary solution. beer
81%
This gun had a hold on me. I felt this incredible surge of power, like ___ must feel when He's holding a gun.God
63.9%
It takes two to lie. One to lie and one to ______.listen
57.1%
To _______, the cause of and solution to all of life's problems.alcohol
57%
When you participate in sporting events, it's not whether you win or lose, it's how _____ you get.drunk
50.7%
______ is the first step towards failuretrying
50%
I like my beer cold, my TV loud, and my homosexuals _______.flaming
45.2%
If you really want something in this life, you have to work for it. Now quiet! They're about to announce the _______ _______.lottery numbers
44.3%
______. Is there anything they can't do?donuts
43.2%
Just because I don't ____ doesn't mean I don't understand.care
42%
You don't win friends with _____.salad
37.6%
Dad, you've done a lot of great things, but you're a very old man, and old people are _______.useless
34.3%
I want to set the record straight: I thought the cop was a __________.prostitute
31.5%
You don't want to drink beer. That's for daddies and kids with ____ ___.fake IDs
30.2%
In this house, we obey the laws of ______________! thermodynamics
28.9%
quote missing word % Correct
__________! Teacher, mother, secret lover.television
28.9%
I’m normally not a praying man, but if you’re up there, please save me ________!Superman
28.8%
Life is just one crushing defeat after another until you just wish that ________ was dead.Flanders
28.2%
That's it! You people have stood in my way long enough. I'm going to _____ _______!clown college
27.5%
You'll have to speak up, I'm wearing a _____.towel
25.6%
I bet ________ turned himself all sorts of colors before he invented the light bulb.Einstein
23.3%
Kids, kids, kids. As far as Daddy's concerned, you're BOTH potential _________. murderers
21.4%
Vampires are make-believe, like elves, gremlins, and _______. Eskimos
15.8%
Mmm… unexplained _____.bacon
15%
Everything looks bad if you ________ it.remember
14%
A gun is not a weapon, it's a tool, like a hammer or a screwdriver or an _________.alligator
10.8%
Ah, sweet ____. Where would my love life have been without it?pity
10.7%
Marge, I'm going to miss you so much. And it's not just the sex. It's also the ____ ___________.food preparation
8.6%
I thought I had an appetite for destruction, but all I wanted was a ____ ________.club sandwich
7.5%
God bless those ______.pagans
5.2%

From the Vault

Letter Grid: North American Countries

by Joshie_the_great

We've crammed a bunch of countries into a box, and they only barely seem to fit.
Remove Ads.
Support Sporcle.
Get the best of Sporcle when you Go Orange. This ad-free experience offers more features, more stats, and more fun while also helping to support Sporcle. Thank you for becoming a member.

Show Comments

Extras

Top Quizzes Today


Score Distribution

Your Account Isn't Verified!

In order to create a playlist on Sporcle, you need to verify the email address you used during registration. Go to your Sporcle Settings to finish the process.

Report this User

Report this user for behavior that violates our Community Guidelines.

Details: